Management in marketing channels / (Record no. 19195)
[ view plain ]
| 000 -LEADER | |
|---|---|
| fixed length control field | 01081cam a2200337 i 4500 |
| 001 - CONTROL NUMBER | |
| control field | 19195 |
| 003 - CONTROL NUMBER IDENTIFIER | |
| rucl marc code | BD-RjUL |
| 005 - DATE AND TIME OF LATEST TRANSACTION | |
| control field | 20211209000410.0 |
| 008 - FIXED-LENGTH DATA ELEMENTS--GENERAL INFORMATION | |
| fixed length control field | 140223s1980 nyua b 001 0 eng |
| 020 ## - INTERNATIONAL STANDARD BOOK NUMBER | |
| International Standard Book Number | 0070661898 |
| International Standard Book Number | 0070067406 |
| 035 ## - SYSTEM CONTROL NUMBER | |
| System control number | (OCoLC)4983104 |
| System control number | (BD-RjUL)19253 |
| System control number | (NNC)19866 |
| 040 ## - CATALOGING SOURCE | |
| Modifying agency | NNC |
| Original cataloging agency | BD-RjUL |
| Language of cataloging | eng |
| Transcribing agency | BD-RjUL |
| 041 ## - LANGUAGE CODE | |
| Language code of text/sound track or separate title | eng |
| 082 ## - DEWEY DECIMAL CLASSIFICATION NUMBER | |
| Classification number | 658.87 |
| Author mark and year | MAN 1980 |
| Edition number | 23 |
| 245 10 - TITLE STATEMENT | |
| Title | Management in marketing channels / |
| Statement of responsibility, etc. | Donald J. Bowersox ... [et al.]. |
| 250 ## - EDITION STATEMENT | |
| Edition statement | International student ed. |
| 260 ## - PUBLICATION, DISTRIBUTION, ETC. (IMPRINT) | |
| Place of publication, distribution, etc. | New York : |
| Name of publisher, distributor, etc. | McGraw-Hill, |
| Date of publication, distribution, etc. | c1980. |
| 300 ## - PHYSICAL DESCRIPTION | |
| Pagination | viii, 390 p. : |
| Illustrations | ill. ; |
| Size | 24 cm. |
| 490 1# - SERIES STATEMENT | |
| Series statement | McGraw-Hill series in marketing |
| 504 ## - BIBLIOGRAPHY, ETC. NOTE | |
| Bibliography, etc | Includes Bibliography: p. 369-383 and index. |
| 650 #0 - SUBJECT ADDED ENTRY--TOPICAL TERM | |
| Topical term or geographic name as entry element | Marketing channels |
| General subdivision | Management. |
| 9 (RLIN) | 48313 |
| Topical term or geographic name as entry element | Marketing |
| General subdivision | Management. |
| 9 (RLIN) | 59055 |
| Topical term or geographic name as entry element | Marketing |
| General subdivision | Management |
| Form subdivision | Case studies. |
| 9 (RLIN) | 48055 |
| 700 1# - ADDED ENTRY--PERSONAL NAME | |
| Personal name | Donald J. Bowersox ...[et al.] |
| 830 #0 - SERIES ADDED ENTRY--UNIFORM TITLE | |
| Uniform title | McGraw-Hill series in marketing. |
| 942 ## - ADDED ENTRY ELEMENTS (KOHA) | |
| Source of classification or shelving scheme | Dewey Decimal Classification |
| Koha item type | Books |
| Lost status | Source of classification or shelving scheme | Damaged status | Not for loan | Collection code | Permanent Location | Current Location | Shelving location | Date acquired | Source of acquisition | Cost, normal purchase price | Total Checkouts | Full call number | Date last seen | Copy number | Koha item type |
|---|---|---|---|---|---|---|---|---|---|---|---|---|---|---|---|
| Dewey Decimal Classification | Non-fiction | Central Library, University of Rajshahi | Central Library, University of Rajshahi | 04/03/1985 | Tulip | 19.90 | 658.87 MAN 1980 | 23/02/2014 | C-3 | Books | |||||
| Dewey Decimal Classification | Non-fiction | Central Library, University of Rajshahi | Central Library, University of Rajshahi | 04/03/1985 | Tulip | 19.90 | 658.87 MAN 1980 | 03/10/2016 | C-4 | Books | |||||
| Dewey Decimal Classification | Non-fiction | Central Library, University of Rajshahi | Central Library, University of Rajshahi | 04/03/1985 | Tulip | 19.90 | 658.87 MAN 1980 | 03/10/2016 | C-5 | Books |